000 01155nam a2200313 i 4500
001 000028128
003 DO-SdBNP
005 20231013105843.0
007 ta
008 110406s2016 dr 000 0 spa d
040 _aDO-SdBNP
_bspa
_cBNPHU
_erda
082 4 _aG864.44
_bC314r
_222
100 1 _aCarrera, Mario Alberto
_d1945-
_eautor
_955132
245 1 0 _aRubén Dario, Enrique Gómez Carrillo y el modernismo :
_bla lírica y la prosa flamígeras
_cMario Alberto Carrera
264 _aGuatemala :
_bCultura,
_c2016.
300 _a26 paginas ;
_c22 cm.
336 _2rdacontent
_atexto
_btxt
337 _2rdamedia
_asin mediación
_bn
338 _2rdacarrier
_avolumen
_bnc
490 0 _aEnsayos ;
_vLuis Cardoza y Aragón ; 28
500 _aIncluye datos biográficos del autor en las solapas
590 _aInventariado, 2023 / DG
600 4 _aDarío, Rubén,
_d1867-1916
_915535
_xCrítica e interpretación
600 4 _aGómez Carrillo, Enríque,
_xCrítica e interpretación
_984437
650 4 _aEnsayos guatemaltecos
_921180
650 4 _aLiteratura guatemalteca
_95393
910 _aDG/Validado. Control de calidad MFF
942 _2ddc
_cLF2
999 _c55118
_d55118